La política para el desarrollo de economía solidaria / (Registro nro. 7785)

Detalles MARC
000 -LEADER
fixed length control field 00970nam a2200229Ia 4500
003 - CONTROL NUMBER IDENTIFIER
control field OSt
005 - DATE AND TIME OF LATEST TRANSACTION
control field 20210503121844.0
008 - FIXED-LENGTH DATA ELEMENTS--GENERAL INFORMATION
fixed length control field 210310s1992 ck ad gr 000 0 spa d
040 ## - CATALOGING SOURCE
Original cataloging agency CO-JMCR
Transcribing agency CO-JMCR
041 0# - LANGUAGE CODE
Language code of text/sound track or separate title spa
082 04 - DEWEY DECIMAL CLASSIFICATION NUMBER
Classification number 334 /
Item number D419p
Edition number 23
110 2# - MAIN ENTRY--CORPORATE NAME
Corporate name or jurisdiction name as entry element Departamento Administrativo Nacional de Cooperativas - DANCOOP
9 (RLIN) 37365
245 10 - TITLE STATEMENT
Title La política para el desarrollo de economía solidaria /
Statement of responsibility, etc. Departamento Administrativo Nacional de Cooperativas - DANCOOP
250 ## - EDITION STATEMENT
Edition statement Primera edición
260 ## - PUBLICATION, DISTRIBUTION, ETC.
Place of publication, distribution, etc. Bogotá :
Name of publisher, distributor, etc. Dancoop,
Date of publication, distribution, etc. 1992
300 ## - PHYSICAL DESCRIPTION
Extent [104] páginas :
Other physical details ilustraciones y gráficas a blanco y negro ;
Dimensions 23 cm.
500 ## - GENERAL NOTE
General note "Documentos de economía solidaria"--Tapa
504 ## - BIBLIOGRAPHY, ETC. NOTE
Bibliography, etc. note Bibliografía: páginas 77-79
505 0# - FORMATTED CONTENTS NOTE
Formatted contents note Economía solidaria como instrumento de desarrollo -- Diagnostico -- Marco institucional -- Políticas para el desarrollo del sector de economía solidaria
650 14 - SUBJECT ADDED ENTRY--TOPICAL TERM
Topical term or geographic name entry element Economía solidaria
9 (RLIN) 15453
942 ## - ADDED ENTRY ELEMENTS (KOHA)
Source of classification or shelving scheme Dewey Decimal Classification
Koha item type Books
Existencias
Withdrawn status Lost status Source of classification or shelving scheme Damaged status Not for loan Collection code Home library Current library Date acquired Source of acquisition Full call number Barcode Date last seen Copy number Koha item type
    Dewey Decimal Classification     Non-fiction Biblioteca Pública José María del Castillo y Rada Biblioteca Pública José María del Castillo y Rada 04/15/2018 Donación 334 / D419p 430003712 05/16/2024 Ej.1 Books